Be true, be you : topic :

Bibliographic Details
Main Author: Kaoru
Other Authors: Siew Yen Chua Winnie Lim , Candy Factory, Kaoru,Dreamerz
Format: Book
Published: Singapore,Kadokawa Gempak Starz (S) Pte.Ltd,Kuala Lumpur,Malaysia : Kadokawa Gempak Starz Sdn Bhd , 2018
Series:Candy series,G32.;Gempak Starz collections.
Subjects:

MARC

LEADER 00000cam a2200000 7i4500
001 0000088305
005 20230125145615.0
008 220328
020 |a 9789674784386 
041 0 |a English 
090 0 0 |a AD   |b ENG 
100 1 |a Kaoru 
245 1 0 |a Be true, be you :   |b topic :   |b interests   |c Kaoru 
260 |a Singapore,Kadokawa Gempak Starz (S) Pte.Ltd,Kuala Lumpur,Malaysia :   |b Kadokawa Gempak Starz Sdn Bhd ,   |c 2018 
300 |a 155 p. :   |b ill. ;   |c 20.5 cm. 
490 0 |a Candy series,G32.;Gempak Starz collections. 
500 |a Children ages 10-12 years old (pink) 
541 |c Purchased on 2021   |f E 210247 EKM   |h RM12.00 
650 0 |a Comic books,strips, etc.   |x Adventure 
700 0 |a Siew Yen Chua   |b Winnie Lim ,   |c Candy Factory 
700 1 |a Kaoru,Dreamerz 
999 |a 0001680720   |b Book   |c Children Collection   |e Perbadanan Perpustakaan Awam Johor